Tesoro de la salud (Record no. 49313)
[ view plain ]
| 000 -LEADER | |
|---|---|
| campo de control de longitud fija | 00978nam a2200217 i 4500 |
| 001 - NÚMERO DE CONTROL | |
| campo de control | 49313 |
| 003 - IDENTIFICADOR DE NÚMERO DE CONTROL | |
| campo de control | ES-MaACL |
| 005 - FECHA Y HORA DE LA ÚLTIMA TRANSACCIÓN | |
| campo de control | 20251001141542.0 |
| 007 - CAMPO FIJO DE DESCRIPCIÓN FÍSICA--INFORMACIÓN GENERAL | |
| campo de control de longitud fija | t| |
| 008 - DATOS DE LONGITUD FIJA--INFORMACIÓN GENERAL | |
| campo de control de longitud fija | 030714s1875 sp ||||1| spa d |
| 080 ## - NÚMERO DE LA CLASIFICACIÓN DECIMAL UNIVERSAL | |
| Número de la Clasificación Decimal Universal | 612.68 |
| 100 1# - ENTRADA PRINCIPAL--NOMBRE DE PERSONA | |
| Nombre de persona | Cortés y Morales, Balbino. |
| 9 (RLIN) | 40911 |
| 245 10 - MENCIÓN DEL TÍTULO | |
| Título | Tesoro de la salud |
| Resto del título | : novísimo tratado de longevidad humana o El más eficaz sistema para alargar la vida con el espedífico mas simple, saludable y barato que existem compuesto segun las doctrinas y preceptos de los eminentes doctores en medicina Sres. Burggraeve y nuestro Ferrer Gorraiz / |
| Mención de responsabilidad, etc. | por Balbino Cortés y Morales. |
| 260 ## - PUBLICACIÓN, DISTRIBUCIÓN, ETC. | |
| Lugar de publicación, distribución, etc. | Madrid : |
| Nombre del editor, distribuidor, etc. | [s.n.], |
| Fecha de publicación, distribución, etc. | 1875 ( |
| Fabricante | Imp. de J. A. García) |
| 300 ## - DESCRIPCIÓN FÍSICA | |
| Extensión | 132 p. ; |
| Dimensiones | 19 cm. |
| 650 04 - PUNTO DE ACCESO ADICIONAL DE MATERIA--TÉRMINO DE MATERIA | |
| Término de materia o nombre geográfico como elemento de entrada | Longevidad. |
| 9 (RLIN) | 14705 |
| 700 1# - ENTRADA AGREGADA--NOMBRE PERSONAL | |
| Nombre de persona | Ferrer Gorraiz Beaumont y Montesa, Vicente, |
| Fechas asociadas al nombre | 1718-1792 |
| 9 (RLIN) | 152495 |
| 740 3# - ENTRADA AGREGADA--TÍTULO RELACIONADO/ANALÍTICO NO CONTROLADO | |
| Título relacionado o analítico no controlado | El más eficaz sistema para alargar la vida. |
| 852 ## - LOCALIZACIÓN | |
| Ubicación | ES-MaACL |
| Número de control de estantería | D-1373 |
| Nota libre | .- Legado M. de la Fuente |
| Estatus retirado | Estado de pérdida | Estado de daño | No para préstamo | Colección | Biblioteca de origen | Biblioteca actual | Ubicación en estantería | Fecha de adquisición | Fuente de adquisición | Total de préstamos | Signatura topográfica completa | Código de barras | Visto por última vez | Precio de reemplazo | Tipo de ítem Koha |
|---|---|---|---|---|---|---|---|---|---|---|---|---|---|---|---|
| Libros del s. XIX | Biblioteca del Ateneo de Madrid | Biblioteca del Ateneo de Madrid | Sala Valle Inclán | 17/01/2008 | D-1373 | 901051891 | 23/02/2023 | 23/02/2023 | Libro impreso antiguo |
